| 000 | 00000nam##2200000za#4500 |
| 001 | 9.598992 |
| 003 | CaOODSP |
| 005 | 20210624204838 |
| 007 | cr ||||||||||| |
| 008 | 150406|1998||||xxc|||||o f|0| 0 fre|d |
| 040 | |aCaOODSP|bfre |
| 043 | |an-cn--- |
| 086 | 1 |aBT31-2/1999-III-67F-PDF |
| 110 | 1 |aCanada. |bConseil du trésor. |
| 245 | 10|aRapport sur les plans et priorités pour les exercices 1998-1999 à 2000-2001, Gendarmerie royale du Canada |h[ressource électronique] |
| 260 | |bSecrétariat du Conseil du Trésor du Canada |c[1998]. |
| 300 | |a53p.|borganigramme, tableaux |
| 490 | 1 |aBudget des dépenses 1998-1999. Partie III, Rapport sur les plans et les priorités |v1998-1999 à 2000-2001 |
| 590 | |a10-12-Supp|b2010-11-18 |
| 775 | 08|tA report on plans and priorities for 1998/1999 - 2000/2001, Royal Canadian Mounted Police |w(CaOODSP)9.567662 |
| 776 | 0#|tRoyal Canadian Mounted Police |w(CaOODSP)9.530366 |
| 776 | 0#|tGendarmerie royale du Canada |w(CaOODSP)9.530367 |
| 830 | #0|aBudget des dépenses 1998-1999. Partie III, Rapport sur les plans et les priorités ;|v1998-1999 à 2000-2001|w(CaOODSP)9.502118 |
| 856 | 40|ahttp://publications.gc.ca|qPDF|s1.31 Mo|uhttps://publications.gc.ca/collections/Collection/BT31-2-1999-III-67F.pdf|y1998-1999 à 2000-2001 |